000 00699nam a22002177a 4500
003 OSt
005 20251223144756.0
008 251223b |||||||| |||| 00| 0 eng d
040 _cDCL
041 _aEnglish
082 _a959.102
245 1 2 _aThe Glass palace chronicle of the kings of Burma [microform] /
_ctranslated by Pe Maung Tin and G.H. Luce.
260 _aYangon :
_bUnity Publishing House,
_c2008.
300 _axxiii, 214 pages :
_c21 cm.
504 _aBibliography: p. 251-267
651 _aMyanmar
_vKings and rulers
651 _aMyanmar
_vHistory
_yTo 1824
700 _aPe Maung Tin
_etranslator
700 _aG.H. Luce
_etranslator
942 _2ddc
_cSHORT TERM
_n0
999 _c2795
_d2795